000 00716nam a2200253Ia 4500
003 OSt
005 20220925214317.0
006 a|||||r|||| 00| 0
007 ta
008 220923b |||||||| |||| 00| 0 eng d
020 _a0715610058
037 _cGeneral Book
040 _aRTL
_cRTL
_beng
041 _2eng
_aeng
082 _aRxC384:g, M4
100 _aCharles David
_977954
245 0 _aAristotle's philosophy of action
260 _aLondon
_bDuckworth U. K.
_c1984
300 _axi, 282p
_ccm.
500 _aBibliography p.266-71; Appendix p.251-65
650 _aPhilosophy-Aristotle
_9280024
942 _hRxC384:g, M4
_cGB
_2CC
999 _c565088
_d565088